[Event "Kolkata DBCA op 5th"]
[Site "Kolkata"]
[Date "2024.04.14"]
[Round "6"]
[White "Chatterjee, KK."]
[Black "Archisman, Patra"]
[Result "0-1"]
[WhiteElo "1917"]
[BlackElo "1709"]
[PlyCount "158"]
[EventDate "2024.04.11"]
[EventType "swiss"]
[EventRounds "9"]
[EventCountry "IND"]
[SourceTitle "CB17_2024"]
[SourceDate "2024.04.24"]
[SourceVersion "1"]
[SourceVersionDate "2024.04.24"]
[SourceQuality "1"]

1. Nf3 d5 2. g3 Nf6 3. Bg2 e6 4. 0-0 Bd6 5. d4 0-0 6. c4 Nbd7 7. cxd5 exd5 8. Nc3 c6 9. Nh4 Re8 10. Qc2 Nf8 11. Nf5 Bxf5 12. Qxf5 Qd7 13. Qc2 h6 14. Rd1 N8h7 15. Bd2 Ng5 16. Be1 Nge4 17. Nxe4 Nxe4 18. f3 Nf6 19. Bf2 Qe6 20. Bf1 Rac8 21. a3 a5 22. Qd2 b6 23. Rac1 Qe7 24. Re1 c5 25. Bh3 Rc7 26. e3 c4 27. Bg2 Qd8 28. Kh1 Rce7 29. Qc2 Qa8 30. Bg1 b5 31. Qf5 Qc8 32. Qxc8 Rxc8 33. e4 Bb8 34. e5 Nd7 35. f4 Nb6 36. f5 Rd8 37. Be3 Na4 38. Re2 Ba7 39. g4 b4 40. axb4 axb4 41. Ra1 Nb6 42. Bd2 c3 43. bxc3 Nc4 44. Be1 b3 45. f6 gxf6 46. Bh4 Rb7 47. Bxf6 Rdd7 48. h4 Rb5 49. g5 b2 50. Rb1 Rdb7 51. Bh3 Na3 52. Bf5 h5 53. e6 fxe6 54. Rxe6 Nxb1 55. Bxb1 Ra5 56. Kg2 Ra1 57. Re1 Rc7 58. g6 Kf8 59. g7+ Rxg7+ 60. Bxg7+ Kxg7 61. Kf3 Ra3 62. Re7+ Kf6 63. Rc7 Bxd4 64. Ke2 Rxc3 65. Rb7 Rc1 66. Bd3 Rh1 67. Kf3 Rh3+ 68. Ke2 Rxh4 69. Bh7 Bc3 70. Kf3 Rb4 71. Rc7 Be5 72. Rc6+ Ke7 73. Bb1 Rc4 74. Rb6 Rc3+ 75. Ke2 Rc1 76. Bh7 h4 77. Bf5 h3 78. Re6+ Kf7 79. Rxe5 h2 0-1